000 00502nam a22001457a 4500
005 20260417110619.0
008 260417b |||||||| |||| 00| 0 eng d
050 _aTHE SB 211 .023 2019
_bC. 1
100 _aOBABI, O. EVANS
245 _aAN ASSESSMENT OF IMPACT OF FARMING PRACICES ON THE DIVERSITY OF INDIGENIOUS WOODY TREE SPECIES IN KITUTU CHACHE NORTH-SUB COUNTY,KENYA
260 _aKISII
_bKISII UNIVERSITY
_c2019
300 _aXV, 97P.,ILL:
500 _aINCLUDES REFERENCES
942 _2lcc
_cREF
999 _c216994
_d216994